Loading...
Management of human assets
| Main Author: | |
|---|---|
| Format: | Printed Book |
| Language: | Undetermined |
| Published: |
New Delhi
Discovery Publishing House
|
| LEADER | 00533nam a2200145Ia 4500 | ||
|---|---|---|---|
| 008 | 161229s9999 xx 000 0 und d | ||
| 020 | |a 8171412297 | ||
| 082 | |a 658.3 GAN/MA | ||
| 100 | |a Gangadhara Rao, M | ||
| 245 | |a Management of human assets | ||
| 260 | |b Discovery Publishing House |a New Delhi | ||
| 300 | |a 339 | ||
| 942 | |c BK | ||
| 999 | |c 153487 |d 153487 | ||
| 952 | |0 0 |1 0 |4 0 |6 658_300000000000000_GANMA |7 0 |9 152558 |a KAUCLV |b KAUCLV |d 2016-12-29 |g 425.00 |o 658.3 GAN/MA |p 904796 |r 2016-12-29 |w 2016-12-29 |y BK |z Book transferred from CCBM Library ,Acc.No:3614 | ||